|
|
|
|
| LEADER |
01920nam a2200409 i 4500 |
| 001 |
EBC1531561 |
| 003 |
MiAaPQ |
| 005 |
20200520144314.0 |
| 006 |
m o d | |
| 007 |
cr cnu|||||||| |
| 008 |
131113s2013 sz a o 000 0 fre d |
| 020 |
|
|
|z 9789222262427
|
| 020 |
|
|
|a 9789222262434 (web pdf)
|
| 035 |
|
|
|a (MiAaPQ)EBC1531561
|
| 035 |
|
|
|a (Au-PeEL)EBL1531561
|
| 035 |
|
|
|a (CaPaEBR)ebr10795026
|
| 035 |
|
|
|a (OCoLC)862612110
|
| 040 |
|
|
|a MiAaPQ
|b eng
|e rda
|e pn
|c MiAaPQ
|d MiAaPQ
|
| 043 |
|
|
|a ncho---
|
| 050 |
|
4 |
|a KGE2202
|b .C667 2013
|
| 082 |
0 |
|
|a 917.28
|2 23
|
| 245 |
0 |
0 |
|a Comprendre la convention (n 169) relative aux peuples indige`nes et tribaux, 1989 :
|b manuel a` l'usage des mandants tripartites de l'OIT /
|c Bureau International du Travail.
|
| 250 |
|
|
|a Premire dition.
|
| 264 |
|
1 |
|a Geneva, Switzerland :
|b Organizacin Internacional del Trabajo,
|c 2013.
|
| 264 |
|
4 |
|c 2013
|
| 300 |
|
|
|a 1 online resource (61 pages) :
|b illustrations
|
| 336 |
|
|
|a text
|2 rdacontent
|
| 337 |
|
|
|a computer
|2 rdamedia
|
| 338 |
|
|
|a online resource
|2 rdacarrier
|
| 588 |
|
|
|a Description based on online resource; title from PDF title page (ebrary, viewed November 13, 2013).
|
| 590 |
|
|
|a Electronic reproduction. Ann Arbor, MI : ProQuest, 2015. Available via World Wide Web. Access may be limited to ProQuest affiliated libraries.
|
| 650 |
|
0 |
|a Indians of Central America
|x Legal status, laws, etc.
|z Honduras.
|
| 655 |
|
4 |
|a Electronic books.
|
| 710 |
2 |
|
|a International Labour Organization.
|
| 776 |
0 |
8 |
|i Print version:
|t Comprendre la convention (n 169) relative aux peuples indige`nes et tribaux, 1989 : manuel a` l'usage des mandants tripartites de l'OIT.
|b Premire dition.
|d Geneva, Switzerland : Organizacin Internacional del Trabajo, c2013
|h 51 pages
|z 9789222262427
|
| 797 |
2 |
|
|a ProQuest (Firm)
|
| 856 |
4 |
0 |
|u https://ebookcentral.proquest.com/lib/matrademy/detail.action?docID=1531561
|z Click to View
|